Movimientos sociales e internet

Bibliographic Details
Main Author: Valencia Rincn̤, Juan Carlos
Other Authors: Garca̕ Corredor, Claudia Pilar
Format: eBook
Language:Spanish
Published: Bogot:̀ Pontificia Universidad Javeriana, 2014
Subjects:
Online Access:Acceso restringido

MARC

LEADER 00000nam a22000007a 4500
005 20201218122318.0
007 cr|||| ||||
008 201218s2014 co |||||s|||| 00||0 spa d
020 |a 978-958-716-717-7 
035 |a 32388 
040 |a vLex 
090 |c 10995  |d 10995 
100 1 |a Valencia Rincn̤, Juan Carlos 
245 1 0 |a Movimientos sociales e internet  |h [Recurso electrn̤ico] /  |c Juan Carlos Valencia Rincn̤, Claudia Pilar Garca̕ Corredor 
256 |a Servicio en ln̕ea 
260 |a Bogot:̀  |b Pontificia Universidad Javeriana,  |c 2014 
300 |a 1 recurso electrn̤ico 
500 |a Lo que atrae los ojos de los investigadores, como sucede en este libro sobre los movimientos sociales, son sus nuevas conexiones comunicativas y tecnologa̕s. No se trata de la preocupacin̤ de hace unos aǫs sobre medios y polt̕ica, sino de dos oportunidades inďitas: la primera, contrastar el significado de los movimientos sociales contemporǹeos con los sentidos comunicativos que hoy se transmitan en la sociedad, es decir, la n̕tima vecindad que existe en nuestros da̕s entre la polt̕ica y la comunicacin̤, y la segunda, indagar con mayor propiedad el nuevo campo de derechos, ciudadana̕s, debates y conflictos que compagina a la polt̕ica con las nuevas tecnologa̕s. 
506 1 |a Disponible solo en los productos indicados  |d vLex Global  |d vLex Global (Academic Edition, excluding Law Schools)  |d vLex Global (U.S. Academic Edition, Law Schools)  |d vLex Global (U.S. Academic Edition, excluding Law Schools)  |d vLex Global (Academic Edition, Law Schools) 
650 0 4 |a Ciencias sociales  |z Colombia 
650 0 4 |a Sociologa̕  |z Colombia 
650 0 4 |a Ciencia polt̕ica  |z Colombia 
650 0 4 |a Filosofa̕ y religin̤  |z Colombia 
650 0 4 |a Humanidades  |z Colombia 
700 1 |a Garca̕ Corredor, Claudia Pilar 
740 0 |a vLex Libros (Servicio en ln̕ea) 
856 4 0 |u http://vlex.com/source/movimientos-sociales-e-internet-32388  |z Acceso restringido 
942 |c BOOK 
999 0 |a Social Sciences 
999 0 |a Sociology 
999 0 |a Political science 
999 0 |a Philosophy and religion 
999 0 |a Humanities